MARC

LEADER 00000nam0a2200000 4500
001 293080
005 20231102000547.0
020 |a RU  |b 83-93635 
035 |a (RuTPU)RU\TPU\book\317919 
090 |a 293080 
100 |a 20150428d1983 k y0rusy5003 ca 
101 0 |a rus 
102 |a RU 
105 |a a z 001zy 
200 1 |a Асимптотические методы в механике  |f Академия наук СССР (АН СССР), Сибирское отделение (СО), Иркутский вычислительный центр (ИВЦ) ; под ред. А. Н. Панченкова 
210 |a Новосибирск  |c Наука  |d 1983 
215 |a 177 с.  |c ил. 
320 |a Библиогр.: с. 174-175 
606 1 |a Механика  |2 stltpush  |3 (RuTPU)RU\TPU\subj\67812  |9 83462 
610 1 |a асимптотические методы 
610 1 |a применение 
610 1 |a развитие 
610 1 |a сплошные среды 
610 1 |a дифференциальные уравнения 
675 |a 531  |z rus  |v 4 
702 1 |a Панченков  |b А. Н.  |g Анатолий Николаевич  |4 340 
712 0 2 |a Академия наук СССР (АН СССР)  |b Сибирское отделение (СО)  |b Иркутский вычислительный центр (ИВЦ)  |2 stltpush  |3 (RuTPU)RU\TPU\col\10610 
801 0 |a RU  |b RuMRKP  |c 19950704  |g psbo 
801 1 |a RU  |b 63413507  |c 20150428 
801 2 |a RU  |b 63413507  |c 20170719  |g RCR 
942 |c BK